[Event "Rutas de Cuenca op 6th"]
[Site "Cuenca"]
[Date "2019.07.20"]
[Round "3"]
[White "Donate Peris, Jose Manuel"]
[Black "Asenjo Gracia, Samuel"]
[Result "1/2-1/2"]
[WhiteElo "1569"]
[BlackElo "1361"]
[PlyCount "97"]
[EventDate "2019.07.19"]
[EventType "swiss"]
[EventRounds "7"]
[EventCountry "ESP"]
[SourceTitle "CBM 195 Extra"]
[Source "ChessBase"]
[SourceDate "2020.05.31"]
[SourceVersion "1"]
[SourceVersionDate "2020.05.31"]
[SourceQuality "1"]

1. d4 Nf6 2. c4 g6 3. Nc3 Bg7 4. e4 d6 5. Be3 0-0 6. Nf3 Nc6 7. d5 Nb8 8. Bd3 Na6 9. a3 Nc5 10. Bc2 Re8 11. 0-0 b6 12. b4 Ncd7 13. Ba4 Ba6 14. Qd3 Rf8 15. Bc6 Rb8 16. Rac1 Ng4 17. Bxd7 Qxd7 18. Bd4 f6 19. Ne2 Rbc8 20. b5 Bb7 21. Bc3 a6 22. Ned4 Nh6 23. Ne6 Rfe8 24. Nxg7 Kxg7 25. Nd4 Nf7 26. Ne6+ Kg8 27. f4 Nd8 28. Nd4 Ra8 29. f5 Kg7 30. fxg6 hxg6 31. a4 Rh8 32. Qg3 axb5 33. axb5 Rh5 34. h4 Bc8 35. Rf5 Rxf5 36. exf5 Qe8 37. Ne6+ Bxe6 38. fxe6 Nb7 39. h5 Nc5 40. Bd4 Kh7 41. Bxc5 bxc5 42. Qxg6+ Qxg6 43. hxg6+ Kxg6 44. Kf2 Ra4 45. Rc2 Kg5 46. Rc3 f5 47. Kf3 Rb4 48. Ke2 Ra4 49. Rc2 1/2-1/2

[Event "Rutas de Cuenca op 6th"]
[Site "Cuenca"]
[Date "2019.07.19"]
[Round "1"]
[White "Diaz Rodriguez, Jose Antonio"]
[Black "Donate Peris, Jose Manuel"]
[Result "1-0"]
[WhiteElo "1995"]
[BlackElo "1569"]
[PlyCount "73"]
[EventDate "2019.07.19"]
[EventType "swiss"]
[EventRounds "7"]
[EventCountry "ESP"]
[SourceTitle "CBM 195 Extra"]
[Source "ChessBase"]
[SourceDate "2020.05.31"]
[SourceVersion "1"]
[SourceVersionDate "2020.05.31"]
[SourceQuality "1"]

1. e4 e6 2. d4 d5 3. Nd2 c5 4. c3 dxe4 5. Nxe4 cxd4 6. cxd4 Bb4+ 7. Nc3 Nc6 8. Nf3 Nge7 9. a3 Ba5 10. b4 Bb6 11. Be3 Nd5 12. Ne4 Nxe3 13. fxe3 0-0 14. Nc5 Bc7 15. Bd3 b6 16. Na6 Bd6 17. Qe2 Bxa6 18. Bxa6 Ne7 19. 0-0 Nd5 20. Qd2 f5 21. g3 Qe7 22. Rac1 Rf6 23. Ng5 Rg6 24. e4 Rxg5 25. exd5 f4 26. Bc8 fxg3 27. Bxe6+ Kh8 28. h3 Rg6 29. Kg2 Rf8 30. Rxf8+ Qxf8 31. Rc8 Rf6 32. Rxf8+ Rxf8 33. Qg5 h6 34. Qg6 Rf2+ 35. Kg1 Rf6 36. Qe8+ Bf8 37. Bf7 1-0